Intrahepatic Detection of Insulin Receptor Substrate 2 in Chronic Hepatitis C Patients / (Record no. 535792)

000 -LEADER
fixed length control field 00495nam a22001457a 4500
082 ## - DEWEY DECIMAL CLASSIFICATION NUMBER
Classification number 612.015
100 ## - MAIN ENTRY--PERSONAL NAME
Personal name Ahmed, Naeema
245 ## - TITLE STATEMENT
Title Intrahepatic Detection of Insulin Receptor Substrate 2 in Chronic Hepatitis C Patients /
Statement of responsibility, etc. Naeema Ahmed.
260 ## - PUBLICATION, DISTRIBUTION, ETC.
Place of publication, distribution, etc. Islamabad :
Name of publisher, distributor, etc. AMC NUST,
Date of publication, distribution, etc. 2012.
300 ## - PHYSICAL DESCRIPTION
Extent 77 p. : ill. ;
Dimensions 30cm.
942 ## - ADDED ENTRY ELEMENTS (KOHA)
Source of classification or shelving scheme
Koha item type Thesis
650 ## - SUBJECT ADDED ENTRY--TOPICAL TERM
Topical term or geographic name entry element Biochemistry - M Phil Theses.
700 ## - ADDED ENTRY--PERSONAL NAME
Personal name Sup Amir Rashid.
650 ## - SUBJECT ADDED ENTRY--TOPICAL TERM
-- 30589
700 ## - ADDED ENTRY--PERSONAL NAME
-- 30649
Holdings
Withdrawn status Lost status Source of classification or shelving scheme Damaged status Not for loan Permanent Location Current Location Shelving location Date acquired Full call number Barcode Date last seen Price effective from Non-public note Koha item type
          NUST School of Health Sciences (NSHS) NUST School of Health Sciences (NSHS) Thesis 09/23/2020 612.015 CL-T-6315 09/23/2020 09/23/2020 Minute Sheet No. 0929/02/CL/Survey/5 dated 23rd April 2024 E-MIN ID 114741 Thesis
          NUST School of Health Sciences (NSHS) NUST School of Health Sciences (NSHS) Thesis 09/23/2020 612.015 CL-T-6364 09/23/2020 09/23/2020 Minute Sheet No. 0929/02/CL/Survey/5 dated 23rd April 2024 E-MIN ID 114741 Thesis
          NUST School of Health Sciences (NSHS) NUST School of Health Sciences (NSHS) Thesis 09/23/2020 612.015 CL-T-6312 09/23/2020 09/23/2020 Minute Sheet No. 0929/02/CL/Survey/5 dated 23rd April 2024 E-MIN ID 114741 Thesis
© 2023 Central Library, National University of Sciences and Technology. All Rights Reserved.